<?xml version="1.0" encoding="UTF-8"?><?xml-stylesheet type="text/xsl" href="static/style.xsl"?><OAI-PMH xmlns="http://www.openarchives.org/OAI/2.0/" xmlns:xsi="http://www.w3.org/2001/XMLSchema-instance" xsi:schemaLocation="http://www.openarchives.org/OAI/2.0/ http://www.openarchives.org/OAI/2.0/OAI-PMH.xsd"><responseDate>2026-06-30T03:14:09Z</responseDate><request verb="GetRecord" identifier="oai:docta.ucm.es:20.500.14352/63566" metadataPrefix="marc">https://docta.ucm.es/rest/oai/request</request><GetRecord><record><header><identifier>oai:docta.ucm.es:20.500.14352/63566</identifier><datestamp>2023-09-12T22:51:48Z</datestamp><setSpec>com_20.500.14352_14</setSpec><setSpec>col_20.500.14352_22</setSpec></header><metadata><record xmlns="http://www.loc.gov/MARC21/slim" xmlns:dcterms="http://purl.org/dc/terms/" xmlns:xsi="http://www.w3.org/2001/XMLSchema-instance" xmlns:doc="http://www.lyncode.com/xoai" xsi:schemaLocation="http://www.loc.gov/MARC21/slim http://www.loc.gov/standards/marcxml/schema/MARC21slim.xsd">
   <leader>00925njm 22002777a 4500</leader>
   <datafield ind2=" " ind1=" " tag="042">
      <subfield code="a">dc</subfield>
   </datafield>
   <datafield ind2=" " ind1=" " tag="720">
      <subfield code="a">Fonfría Díaz, José</subfield>
      <subfield code="e">author</subfield>
   </datafield>
   <datafield ind2=" " ind1=" " tag="260">
      <subfield code="c">2002</subfield>
   </datafield>
   <datafield ind2=" " ind1=" " tag="520">
      <subfield code="a">Se ha realizado un estudio ultraestructural de la medula ósea, el timo, la bolsa de fabricio, el bazo y las tonsilas cecales del estornino negro, sturnus unicolor. La medula ósea alberga los procesos de granulopoiesis (en los cordones celulares) y eritropoiesis (en los senos venosos) y contiene linfocitos, linfoblastos y células plasmáticas. Además presenta centros germinales. El timo esta constituido por un estroma que presenta cinco tipos de células epiteliales. Presenta elementos celulares linfoides y no linfoides libres (células interdigitantes, mioides, neuroendocrinas, macrofagos, etc. La bolsa de fabricio consta de numerosos folículos linfoides cubiertos por un epitelio transformado. Se diferencia una medula con un estroma epitelial y células libres (linfocitos, macrofagos y células con aspecto dendritico) y una corteza con un estroma laxo y numerosos linfocitos y macrofagos. Además, al comienzo del canal central existe un tejido linfoide difuso con carácter t dependiente. El tejido linfoide esplénico que constituye la pulpa blanca esta organizado en tres compartimentos: periarteriolar, perivenoso y perielipsoidal. Los dos primeros representan áreas t dependientes mientras el segundo equivale a la zona marginal. Los acumulos linfoides de las tonsilas se organizan en un tejido difuso t dependiente y centros germinales</subfield>
   </datafield>
   <datafield ind1="8" ind2=" " tag="024">
      <subfield code="a">978-84-669-0565-7</subfield>
   </datafield>
   <datafield ind1="8" ind2=" " tag="024">
      <subfield code="a">b21705008</subfield>
   </datafield>
   <datafield ind1="8" ind2=" " tag="024">
      <subfield code="a">https://hdl.handle.net/20.500.14352/63566</subfield>
   </datafield>
   <datafield ind2="0" ind1="0" tag="245">
      <subfield code="a">Organos linfoides en Sturnus unicolor</subfield>
   </datafield>
</record></metadata></record></GetRecord></OAI-PMH>